000
00217 a2200097 4500
001
33072
100
_a
Seurre,E
245
_a
GPRS for Mobile Internet
260
_a
Boston
_b
Artech House
_c
2003
090
_c
22201
_d
22201
942
_a
NUST-CAE
_c
M
_c
13561
999
_c
268145
_d
268145